|
|
|
|
| LEADER |
00000cam a2200000 7i4500 |
| 001 |
0000004968 |
| 005 |
20151222.0 |
| 008 |
070731 |
| 020 |
|
|
|a 9833326447
|
| 090 |
0 |
0 |
|a JF
|b MOR JAW (6063)
|
| 245 |
0 |
0 |
|a Musang dan anak ayam
|
| 260 |
|
|
|a Selangor :
|b Early Learner Publications
|
| 500 |
|
|
|a Children ages 7-9 years old (orange)
|
| 650 |
|
0 |
|a Jawi
|
| 999 |
|
|
|a 0000978872
|b Book
|c Children Collection
|e Cawangan Urban Transformation Centre
|
| 999 |
|
|
|a 0000978873
|b Book
|c Children Collection
|e Cawangan Urban Transformation Centre
|
| 999 |
|
|
|a 0000978874
|b Book
|c Children Collection
|e Cawangan Urban Transformation Centre
|
| 999 |
|
|
|a 0000978875
|b Book
|c Children Collection
|e Perbadanan Perpustakaan Awam Johor
|
| 999 |
|
|
|a 0000978876
|b Book
|c Children Collection
|e Perbadanan Perpustakaan Awam Johor
|
| 999 |
|
|
|a 0001149299
|b Book
|c Children Collection
|e Cawangan Mersing
|
| 999 |
|
|
|a 0001149300
|b Book
|c Children Collection
|e Cawangan Pontian
|
| 999 |
|
|
|a 0001149301
|b Book
|c Children Collection
|e Cawangan Tmn. Ungku Tun Aminah
|